| 000 | 00397cam a2200145ua 4500 | ||
|---|---|---|---|
| 041 |
_aeng _h |
||
| 082 |
_a828.09 _bNIC/HI |
||
| 100 | _aNicoll, Allardyce . | ||
| 245 |
_aHistory of English drama 1660-1900 Vol-5 / _cAllardyce Nicoll. _hTextual Documents |
||
| 260 |
_aCambridge : _bCambridge University Press , _c1967. |
||
| 300 | _a901 ; . | ||
| 504 | _a | ||
| 942 | _cBK | ||
| 999 |
_c11388 _d11388 |
||